1599 1610 1965 1343 1698 1886 1627 1162 1345 1399 1907 1001 1328 1876 1204 1949 1030 1583 1399 1320 1899 1466 1215 1180 1828 1341 1653 1228 1479 1452 1344 1485 1959 1369 1996 1455 1895 1420 1549 1671 1180 1111 1354 1816 1444 1516 1669 1162 1070 1986 1221 1960 1361 1226 1980 1287 1909 1994 1738 1096 1076 1970 1615 1372 1663 1750 1798 2000 1088 1068 1122 1227 1753 1295 1029 1672 1004 1851 1772 1304 1579 1319 1764 1535 1545 1920 1959 1699 1367 1202 1385 1502 1514 1008 1574 1722 1366 1530 1359 BCNSPRNW ULIB Ver.6.0+V

เปลี่ยนเป็นภาษาไทย

Change to English
 แสดงรายละเอียดบรรณานุกรม
  กลับหน้าหลัก

Brief Record : Get Marc (ISO 2709) : E-mail record : QR code < ปิดหน้าต่าง
LEADER : 00000nam 2200000uu 4500
001    13399111062
003     ULIB
008    110615s||||||||th 000 0 tha d
020    9745001066
050 04 BF367^bพ811จ 2543
100 1  พีล, นอร์แมน วินเซนต์
245 10 จินตนานุภาพ /^cนอร์แมน วินเซนท์ พีล ; พงษ์เกษตร สุวรรณกูล,แปล
250    พิมพ์ครั้งที่ 6
260    กรุงเทพฯ :^bสุริยบรรณ,^c2543
300    284 หน้า
650  7 สันติภาพ^xแง่ศาสนา^xคริสตศาสนา
650  7 ความสำเร็จ^xแง่ศาสนา^xคริสตศาสนา
700 00 พงษ์เกษตร สุวรรณกูล,^eผู้แปล
945    ^p135^l0^i016946
945    ^p135^l0^i016945
995    ทศพร
999 ^a ใช้งานได้ทุกระบบ
รายการนี้ยังไม่มีแท็ก
คุณยังไม่ได้ล็อกอิน คุณสามารถมีกิจกรรมร่วมกับเว็บไซต์ได้ แต่ต้องล็อกอินก่อน ::
  ล็อกอิน

รายการสื่อสารสนเทศ

ลำดับที่ ประเภท เลขเรียก/บาร์โค้ด สถานที่ สถานะ
- ไม่พบข้อมูล -

BibComment


ยังไม่เคยถูกคอมเมนท์

คอมเมนท์ทรัพยากรรายการนี้
  คอมเมนท์: จินตนานุภาพ นอร์..


 Copyright 2026. Bcnsprnw @Library